الخط العربي والزخرفة الاسلاميه / (رقم التسجيلة. 139945)
[ عرض عادي ]
| 000 -الفاتح | |
|---|---|
| عناصر البيانات ثابتة الطول | 00699cam a2200193 i 4500 |
| 005 - تاريخ ووقت آخر معاملة | |
| حقل ضبط | 20260217092630.0 |
| 008 - عناصر البيانات ثابتة الطول | |
| عناصر البيانات ثابتة الطول | 250721s2016 jo gr 000 0 ara d |
| 020 ## - الترقيم الدولي المعياري للكتب (ردمك) | |
| الترقيم الدولي المعياري للكتب (ردمك) | 9789957764463 |
| 082 14 - رقم تصنيف ديوي العشري | |
| رقم التصنيف | 411.4 |
| رقم المادة | د ل ي |
| 100 1# - مدخل رئيسي – اسم شخصي | |
| الاسم الشخصي | الدليمي، عطيه وزه عبود |
| علاقة الشخص بالعمل/ دوره | مؤلف. |
| 245 12 - بيان العنوان | |
| العنوان | الخط العربي والزخرفة الاسلاميه / |
| بيان المسؤولية | الدكتور عطية وزه عبود الدليمي. |
| 250 ## - بيان الطبعة | |
| بيان الطبعة | الطبعة الأولى. |
| 264 31 - بيانات النشر، التوزيع…إلخ | |
| مكان النشر، التوزيع...إلخ | عمان : |
| اسم الناشر، الموزع...إلخ | دار الرضوان للنشر والتوزيع، |
| تاريخ النشر، التوزيع...إلخ | 2016. |
| 300 ## - الوصف المادي | |
| عدد الوحدات المكونة للوعاء | 271صفحة. |
| 650 17 - مدخل إضافي بالموضوع - مصطلح موضوعي | |
| مصطلح موضوعي أو اسم جغرافي كعنصر مدخل | الخط العربي. |
| 650 17 - مدخل إضافي بالموضوع - مصطلح موضوعي | |
| مصطلح موضوعي أو اسم جغرافي كعنصر مدخل | الزخرفة. |
| 942 ## - بيانات إضافية (كوها) | |
| نوع التنصيف | Dewey Decimal Classification |
| نوع المادة (كوها) | كتب |
| حالة السحب | حالة الفقدان | مصدر التصنيف | حالة التلف | غير قابل للإعارة | المكتبة الرئيسية | المكتبة الحالية | موقع الرف | تاريخ التزويد | الرقم المتسلسل | Total Checkouts | رقم الإستدعاء | الباركود | تاريخ آخر ظهور | تاريخ الفاتورة | نوع المادة (كوها) |
|---|---|---|---|---|---|---|---|---|---|---|---|---|---|---|---|
| Dewey Decimal Classification | المكتبة المركزية | المكتبة المركزية | الإعارة | 28/07/2025 | 1711136 | 411.4 / د ل ي | PLD00451974 | 28/07/2025 | 28/07/2025 | كتب | |||||
| Dewey Decimal Classification | مكتبة أبو علندا العامة | مكتبة أبو علندا العامة | الإعارة | 19/08/2019 | 1711142 | 411.4/دلي | PLD00462901 | 28/07/2025 | 19/08/2019 | كتب | |||||
| Dewey Decimal Classification | مكتبة الاميرة بديعة | مكتبة الاميرة بديعة | الإعارة | 19/08/2019 | 1711144 | 411.4/دلي | PLD00462903 | 28/07/2025 | 19/08/2019 | كتب | |||||
| Dewey Decimal Classification | مكتبة الجويدة | مكتبة الجويدة | الإعارة | 19/08/2019 | 1711138 | 411.4/دلي | PLD00462897 | 28/07/2025 | 19/08/2019 | كتب | |||||
| Dewey Decimal Classification | مكتبة الحسن العامة | مكتبة الحسن العامة | الإعارة | 19/08/2019 | 1711141 | 411.4/دلي | PLD00462900 | 28/07/2025 | 19/08/2019 | كتب | |||||
| Dewey Decimal Classification | مكتبة بيت السينما | مكتبة بيت السينما | الإعارة | 19/08/2019 | 1711145 | 411.4/دلي | PLD00462904 | 28/07/2025 | 19/08/2019 | كتب | |||||
| Dewey Decimal Classification | مكتبة صويلح العامة | مكتبة صويلح العامة | الإعارة | 19/08/2019 | 1711140 | 411.4/دلي | PLD00462899 | 28/07/2025 | 19/08/2019 | كتب |